Abrégé de grammaire comparée des langues indo-européennes / (Record no. 37043)

MARC details
000 -LEADER
campo de control de longitud fija 00855nam a2200241 i 4500
001 - NÚMERO DE CONTROL
campo de control 37043
003 - IDENTIFICADOR DE NÚMERO DE CONTROL
campo de control ES-MaACL
005 - FECHA Y HORA DE LA ÚLTIMA TRANSACCIÓN
campo de control 20260303170718.0
007 - CAMPO FIJO DE DESCRIPCIÓN FÍSICA--INFORMACIÓN GENERAL
campo de control de longitud fija t|
008 - DATOS DE LONGITUD FIJA--INFORMACIÓN GENERAL
campo de control de longitud fija 030220s1905 fr ||||1| fre d
100 1# - ENTRADA PRINCIPAL--NOMBRE DE PERSONA
Nombre de persona Brugmann, Karl.
9 (RLIN) 181680
245 10 - MENCIÓN DEL TÍTULO
Título Abrégé de grammaire comparée des langues indo-européennes /
Mención de responsabilidad, etc. Karl Brugmann ; traduit par J. Bloch, A. Cuny et A. Ernout ; sous la direction de A. Meillet et R. Gauthiot.
260 ## - PUBLICACIÓN, DISTRIBUCIÓN, ETC.
Lugar de publicación, distribución, etc. París :
Nombre del editor, distribuidor, etc. C. Klincksieck,
Fecha de publicación, distribución, etc. 1905.
300 ## - DESCRIPCIÓN FÍSICA
Extensión XXI, 859 p. ;
Dimensiones 25 cm.
650 #4 - PUNTO DE ACCESO ADICIONAL DE MATERIA--TÉRMINO DE MATERIA
Término de materia o nombre geográfico como elemento de entrada Lenguas indoeuropeas-
Subdivisión general Gramática comparada.
9 (RLIN) 141719
700 0# - ENTRADA AGREGADA--NOMBRE PERSONAL
Nombre de persona Bloch, Jules.
9 (RLIN) 29510
700 1# - ENTRADA AGREGADA--NOMBRE PERSONAL
Nombre de persona Cuny, A.
9 (RLIN) 42192
700 1# - ENTRADA AGREGADA--NOMBRE PERSONAL
Nombre de persona Ernout, Alfred,
Fechas asociadas al nombre 1879-1973
9 (RLIN) 47416
700 1# - ENTRADA AGREGADA--NOMBRE PERSONAL
Nombre de persona Meillet, Antoine (
Fechas asociadas al nombre 1866-1936)
9 (RLIN) 79843
700 1# - ENTRADA AGREGADA--NOMBRE PERSONAL
Nombre de persona Gauthiot, R.
9 (RLIN) 56045
852 ## - LOCALIZACIÓN
Ubicación ES-MaACL
Número de control de estantería D-1093
Holdings
Estatus retirado Estado de pérdida Estado de daño No para préstamo Biblioteca de origen Biblioteca actual Ubicación en estantería Fecha de adquisición Fuente de adquisición Total de préstamos Signatura topográfica completa Código de barras Visto por última vez Precio de reemplazo Tipo de ítem Koha
        Biblioteca del Ateneo de Madrid Biblioteca del Ateneo de Madrid Sala Valle Inclán 17/01/2008     D-1093 901038972 23/02/2023 23/02/2023 Libro impreso